| 000 | 00649 a2200181 4500 | ||
|---|---|---|---|
| 020 | _a81780848 | ||
| 040 |
_aDLC _bEnglish |
||
| 082 | _a005.2 | ||
| 100 | _aComer, Douglas. | ||
| 245 |
_aInternetworking with TCP/IP: Client-server programming and applications _cDouglas E.Comer, |
||
| 250 | _a2nd ed | ||
| 260 |
_aSingapore : _bPearson Education Inc., _cc2002. |
||
| 300 |
_axxiii, 519 _b : ill. ; _cp. 25 cm. |
||
| 500 | _aIncludes bibliographical references and index | ||
| 650 | _a 1.TCP/IP (Computer network protocol)2.Data transmission systems.3.Internetworking (Telecommunication | ||
| 700 | _aStevens, David L. | ||
| 942 |
_cBK _k00502 COM _2ddc |
||
| 999 |
_c6016 _d6016 |
||